Fashion Brands :Branding Style from Armani to Zara (Record no. 13745)

MARC details
000 -LEADER
fixed length control field 00423nam a22001697a 4500
003 - CONTROL NUMBER IDENTIFIER
control field OSt
008 - FIXED-LENGTH DATA ELEMENTS--GENERAL INFORMATION
fixed length control field 250926b |||||||| |||| 00| 0 eng d
020 ## - INTERNATIONAL STANDARD BOOK NUMBER
International Standard Book Number 9780749464462
082 ## - DEWEY DECIMAL CLASSIFICATION NUMBER
Classification number 746.92 TUF
100 ## - MAIN ENTRY--PERSONAL NAME
Personal name TUNGATE, Mark
245 ## - TITLE STATEMENT
Title Fashion Brands :Branding Style from Armani to Zara
250 ## - EDITION STATEMENT
Edition statement 3rd. ed.,
260 ## - PUBLICATION, DISTRIBUTION, ETC. (IMPRINT)
Place of publication, distribution, etc London,
Name of publisher, distributor, etc Kogan Page Ltd,
Date of publication, distribution, etc 2015,
300 ## - PHYSICAL DESCRIPTION
Extent 228 p.
650 ## - SUBJECT ADDED ENTRY--TOPICAL TERM
Topical term or geographic name as entry element B.FAD.
942 ## - ADDED ENTRY ELEMENTS (KOHA)
Source of classification or shelving scheme Dewey Decimal Classification
Koha item type Reference Books
Holdings
Withdrawn status Lost status Source of classification or shelving scheme Damaged status Not for loan Collection code Home library Current library Date acquired Source of acquisition Currency Cost, normal purchase price Bill Number Total Checkouts Full call number Acc. no. / Barcode Date last seen Actual Cost, discounted price Bill Date Koha item type
    Dewey Decimal Classification     Bachelor of Fashion and Apparel Design PIET NCR College Library PIET NCR College Library 21/09/2025 Zafaa Books & Distributers In Rupees 3142.10 ZBD0258   746.92 TUF N4355 26/09/2025 2262.31 21/09/2025 Reference Books

Design & Developed by: PIET Central Library
R70 Miles Stone Pattikalyana Samalkha Panipat 132102
mail ID :- [email protected], Phone No:- 0180-2569700 Ex.216